Random Flag of Africa to Map - Statistics

General Stats
  • This quiz has been taken 388 times
  • The average score is 15 of 20
Answers on the Map
Answers color-coded by a green-red scale on the quiz's map according to % correct below.
 
Answer Stats
Answer % Correct
96%
91%
90%
89%
86%
86%
85%
85%
83%
82%
81%
80%
78%
77%
77%
76%
75%
75%
74%
74%
74%
72%
72%
72%
72%
71%
71%
71%
71%
70%
70%
70%
70%
69%
69%
69%
69%
69%
69%
69%
67%
66%
64%
63%
63%
63%
63%
61%
61%
61%
60%
60%
59%
58%
No matching quizzes found
Score Distribution
Percent of People with Each Score
Percentile by Number Answered
Your Score History
You have not taken this quiz